[Event "Bamberg-Open 2019"]
[Site "Bamberg"]
[Date "2019.05.30"]
[Round "3.9"]
[White "Stets, Dmitry"]
[Black "Legahn, Dirk"]
[Result "1-0"]
[WhiteElo "2391"]
[BlackElo "2132"]
[Annotator "ChessBase"]
[PlyCount "47"]
[EventDate "2019.05.12"]
[EventType "swiss"]
[EventCountry "GER"]
[SourceTitle "playchess.com"]
[Source "ChessBase"]
[SourceQuality "1"]
[TimeControl "40/5400+30:900+30"]

1. e4 {[%emt 0:00:00]} c5 {[%emt 0:00:00]} 2. Nc3 {[%emt 0:00:00]} Nc6 {[%emt 0:00:02]} 3. Nge2 {[%emt 0:00:00]} g6 {[%emt 0:00:26]} 4. d4 {[%emt 0:00:00]} cxd4 {[%emt 0:00:09]} 5. Nxd4 {[%emt 0:00:01]} Bg7 {[%emt 0:00:17]} 6. Be3 {[%emt 0:00:09]} Nf6 {[%emt 0:00:18]} 7. Bc4 {[%emt 0:00:10]} O-O {[%emt 0:00:09]} 8. Bb3 {[%emt 0:00:06]} e6 {[%emt 0:00:08]} 9. O-O {[%emt 0:01:08]} d5 {[%emt 0:00:15]} 10. exd5 {[%emt 0:01:42]} Nxd5 {[%emt 0:03:35]} 11. Nxd5 {[%emt 0:04:12]} exd5 {[%emt 0:00:39]} 12. h3 {[%emt 0:10:51]} Re8 {[%emt 0:11:44]} 13. c3 {[%emt 0:01:33]} Na5 {[%emt 0:06:54]} 14. Re1 {[%emt 0:08:16]} b6 {[%emt 0:05:26]} 15. Qf3 {[%emt 0:01:51]} Nxb3 {[%emt 0:08:39]} 16. Nxb3 {[%emt 0:05:36]} Bb7 {[%emt 0:12:49]} 17. Bd4 {[%emt 0:02:37]} Re4 {[%emt 0:04:46]} 18. Qg3 {[%emt 0:02:22]} Bf8 {[%emt 0:08:35]} 19. Rxe4 {[%emt 0:01:05]} dxe4 {[%emt 0:00:41]} 20. Qe5 {[%emt 0:00:21]} f6 {[%emt 0:01:02]} 21. Qe6+ {[%emt 0:04:36]} Kg7 {[%emt 0:00:52]} 22. Rd1 {[%emt 0:00:08]} Bc8 {[%emt 0:07:51]} 23. Qxe4 {[%emt 0:01:04]} Bf5 {[%emt 0:00:08]} 24. Bxf6+ {[%emt 0:05:11]} 1-0

[Event "Bamberg-Open 2019"]
[Site "Bamberg"]
[Date "2019.05.30"]
[Round "3.10"]
[White "Riemer, Ralf"]
[Black "Kurayan, Ruslan"]
[Result "0-1"]
[WhiteElo "2089"]
[BlackElo "2374"]
[Annotator "ChessBase"]
[PlyCount "36"]
[EventDate "2019.05.12"]
[EventType "swiss"]
[EventCountry "GER"]
[SourceTitle "playchess.com"]
[Source "ChessBase"]
[SourceQuality "1"]
[TimeControl "40/5400+30:900+30"]

1. Nf3 {[%emt 0:00:00]} Nf6 {[%emt 0:00:00]} 2. c4 {[%emt 0:00:00]} g6 {[%emt 0:00:00]} 3. b3 {[%emt 0:00:00]} Bg7 {[%emt 0:00:00]} 4. Bb2 {[%emt 0:00:00]} O-O {[%emt 0:00:13]} 5. g3 {[%emt 0:01:00]} d6 {[%emt 0:00:38]} 6. d4 {[%emt 0:00:17]} Nbd7 {[%emt 0:04:23]} 7. Bg2 {[%emt 0:00:41]} e5 {[%emt 0:00:59]} 8. dxe5 {[%emt 0:02:28]} dxe5 {[%emt 0:00:12]} 9. Nxe5 {[%emt 0:01:27]} Ng4 {[%emt 0:00:16]} 10. Nd3 {[%emt 0:00:40]} Bxb2 {[%emt 0:00:14]} 11. Nxb2 {[%emt 0:00:02]} Qf6 {[%emt 0:00:19]} 12. O-O {[%emt 0:02:45]} Qxb2 {[%emt 0:04:14]} 13. Nd2 {[%emt 0:00:21]} Nc5 {[%emt 0:00:36]} 14. Nf3 {[%emt 0:02:04]} Bf5 {[%emt 0:03:12]} 15. Qd5 {[%emt 0:01:21]} b6 {[%emt 0:04:18]} 16. Nh4 {[%emt 0:01:30]} Rad8 {[%emt 0:01:11]} 17. Qc6 {[%emt 0:01:06]} Ne5 {[%emt 0:00:10]} 18. Qxc7 {[%emt 0:02:33]} Rd7 {[%emt 0:00:08]} 0-1

[Event "Bamberg-Open 2019"]
[Site "Bamberg"]
[Date "2019.05.30"]
[Round "3.11"]
[White "Pribyl, Josef"]
[Black "Krauseneck, Peter"]
[Result "1-0"]
[WhiteElo "2239"]
[BlackElo "2136"]
[Annotator "ChessBase"]
[PlyCount "147"]
[EventDate "2019.05.12"]
[EventType "swiss"]
[EventCountry "GER"]
[SourceTitle "playchess.com"]
[Source "ChessBase"]
[SourceQuality "1"]
[TimeControl "40/5400+30:900+30"]

1. c4 {[%emt 0:00:00]} e5 {[%emt 0:04:56]} 2. Nc3 {[%emt 0:00:00]} Nc6 {[%emt 0:01:27]} 3. g3 {[%emt 0:00:00]} d6 {[%emt 0:01:44]} 4. Bg2 {[%emt 0:00:00]} f5 {[%emt 0:01:03]} 5. e3 {[%emt 0:00:40]} Nf6 {[%emt 0:00:17]} 6. d4 {[%emt 0:00:44]} Bd7 {[%emt 0:04:28]} 7. Nge2 {[%emt 0:00:55]} g6 {[%emt 0:03:52]} 8. b3 {[%emt 0:02:37]} Bg7 {[%emt 0:00:26]} 9. Ba3 {[%emt 0:04:39]} e4 {[%emt 0:03:17]} 10. Qd2 {[%emt 0:03:20]} O-O {[%emt 0:01:11]} 11. Nf4 {[%emt 0:07:23]} a6 {[%emt 0:05:56]} 12. c5 {[%emt 0:03:48]} Bc8 {[%emt 0:06:37]} 13. h4 {[%emt 0:03:00]} d5 {[%emt 0:06:56]} 14. f3 {[%emt 0:00:03]} Rf7 {[%emt 0:09:53]} 15. O-O-O {[%emt 0:05:26]} exf3 {[%emt 0:09:33]} 16. Bxf3 {[%emt 0:00:02]} Ne4 {[%emt 0:00:12]} 17. Nxe4 {[%emt 0:01:48]} fxe4 {[%emt 0:01:55]} 18. Be2 {[%emt 0:00:02]} Ne7 {[%emt 0:00:49]} 19. g4 {[%emt 0:01:12]} Bd7 {[%emt 0:00:15]} 20. Rdg1 {[%emt 0:01:50]} Bb5 {[%emt 0:02:46]} 21. Bd1 {[%emt 0:02:56]} Qd7 {[%emt 0:02:23]} 22. Bb2 {[%emt 0:01:07]} Raf8 {[%emt 0:07:53]} 23. a4 {[%emt 0:01:17]} Bc6 {[%emt 0:02:31]} 24. Be2 {[%emt 0:06:33]} Qc8 {[%emt 0:02:07]} 25. Kb1 {[%emt 0:04:13]} Bd7 {[%emt 0:00:07]} 26. Bc3 {[%emt 0:01:34]} c6 {[%emt 0:00:15]} 27. Rh2 {[%emt 0:02:38]} Qb8 {[%emt 0:00:16]} 28. Rf2 {[%emt 0:02:03]} Qc8 {[%emt 0:05:04]} 29. Rff1 {[%emt 0:03:02]} Qb8 {[%emt 0:01:11]} 30. Ka2 {[%emt 0:00:37]} Qc8 {[%emt 0:00:03]} 31. Qd1 {[%emt 0:04:04]} Qc7 {[%emt 0:00:17]} 32. Be1 {[%emt 0:00:57]} b6 {[%emt 0:01:38]} 33. Bg3 {[%emt 0:01:16]} Qb7 {[%emt 0:00:01]} 34. Qc2 {[%emt 0:02:33]} a5 {[%emt 0:01:28]} 35. Rc1 {[%emt 0:02:48]} b5 {[%emt 0:02:00]} 36. Nh3 {[%emt 0:01:28]} Bh6 {[%emt 0:04:19]} 37. Ng5 {[%emt 0:02:48]} Bxg5 {[%emt 0:02:51]} 38. hxg5 {[%emt 0:00:01]} Rc8 {[%emt 0:03:24]} 39. Rgf1 {[%emt 0:01:19]} Rcf8 {[%emt 0:00:19]} 40. Rxf7 {[%emt 0:02:08]} Rxf7 {[%emt 0:00:09]} 41. Bf4 {[%emt 0:16:54]} Qc8 {[%emt 0:17:21]} 42. Rg1 {[%emt 0:00:47]} Qb7 {[%emt 0:00:29]} 43. Qd2 {[%emt 0:03:11]} b4 {[%emt 0:00:00]} 44. Qe1 {[%emt 0:00:00]} Be6 {[%emt 0:00:00]} 45. Qg3 {[%emt 0:00:00]} Nc8 {[%emt 0:00:00]} 46. Be5 {[%emt 0:00:00]} Qe7 {[%emt 0:00:00]} 47. Qh4 {[%emt 0:00:00]} Qd7 {[%emt 0:00:00]} 48. Bf6 {[%emt 0:00:00]} Qc7 {[%emt 0:00:00]} 49. Rh1 {[%emt 0:00:00]} Kf8 {[%emt 0:00:00]} 50. Qf2 {[%emt 0:00:00]} Ke8 {[%emt 0:00:00]} 51. Qh4 {[%emt 0:00:00]} Ne7 {[%emt 0:00:00]} 52. Be5 {[%emt 0:00:00]} Qb7 {[%emt 0:00:45]} 53. Qg3 {[%emt 0:00:00]} Ng8 {[%emt 0:02:13]} 54. Kb2 {[%emt 0:00:28]} Qe7 {[%emt 0:00:24]} 55. Bf4 {[%emt 0:01:03]} Qb7 {[%emt 0:00:13]} 56. Kc1 {[%emt 0:00:14]} Ne7 {[%emt 0:00:29]} 57. Kd2 {[%emt 0:00:36]} Nc8 {[%emt 0:00:02]} 58. Ke1 {[%emt 0:00:29]} Qe7 {[%emt 0:00:51]} 59. Qh4 {[%emt 0:01:02]} Qd7 {[%emt 0:01:00]} 60. Be5 {[%emt 0:00:51]} Qe7 {[%emt 0:00:36]} 61. Bf6 {[%emt 0:00:51]} Qc7 {[%emt 0:00:03]} 62. Rf1 {[%emt 0:00:46]} Qd7 {[%emt 0:01:18]} 63. Rf2 {[%emt 0:00:48]} Na7 {[%emt 0:00:53]} 64. Qg3 {[%emt 0:01:15]} Nc8 {[%emt 0:00:14]} 65. Qe5 {[%emt 0:01:56]} Kf8 {[%emt 0:01:23]} 66. Rf4 {[%emt 0:01:06]} Kg8 {[%emt 0:00:10]} 67. Qb8 {[%emt 0:01:46]} Rf8 {[%emt 0:00:44]} 68. Kf2 {[%emt 0:02:17]} Rf7 {[%emt 0:02:10]} 69. Kg3 {[%emt 0:00:22]} Rf8 {[%emt 0:00:08]} 70. Be5 {[%emt 0:00:39]} Rxf4 71. Bxf4 {[%emt 0:00:14]} Kf7 {[%emt 0:01:33]} 72. Qc7 {[%emt 0:00:26]} Ke8 {[%emt 0:00:48]} 73. Qxa5 {[%emt 0:00:33]} Qb7 {[%emt 0:00:29]} 74. Qc7 {[%emt 0:00:32]} 1-0

[Event "Bamberg-Open 2019"]
[Site "Bamberg"]
[Date "2019.05.30"]
[Round "3.12"]
[White "Wichmann, Adrian"]
[Black "Weishaeutel, Moritz"]
[Result "0-1"]
[WhiteElo "2060"]
[BlackElo "2252"]
[Annotator "ChessBase"]
[PlyCount "58"]
[EventDate "2019.05.12"]
[EventType "swiss"]
[EventCountry "GER"]
[SourceTitle "playchess.com"]
[Source "ChessBase"]
[SourceQuality "1"]
[TimeControl "40/5400+30:900+30"]

1. d4 {[%emt 0:00:00]} Nf6 {[%emt 0:00:00]} 2. Bf4 {[%emt 0:00:00]} d5 {[%emt 0:00:04]} 3. e3 {[%emt 0:00:00]} c5 {[%emt 0:00:38]} 4. c3 {[%emt 0:00:00]} Nc6 {[%emt 0:00:10]} 5. Nf3 {[%emt 0:00:09]} Qb6 {[%emt 0:00:47]} 6. Qb3 {[%emt 0:00:08]} c4 {[%emt 0:01:05]} 7. Qc2 {[%emt 0:00:44]} Bf5 {[%emt 0:00:56]} 8. Qc1 {[%emt 0:00:20]} h6 {[%emt 0:02:41]} 9. h3 {[%emt 0:00:08]} e6 {[%emt 0:00:07]} 10. Nbd2 {[%emt 0:00:05]} Rc8 {[%emt 0:01:42]} 11. Be2 {[%emt 0:00:11]} Be7 {[%emt 0:00:09]} 12. Bd1 {[%emt 0:00:52]} O-O {[%emt 0:06:20]} 13. Bc2 {[%emt 0:00:15]} Bxc2 {[%emt 0:00:39]} 14. Qxc2 {[%emt 0:00:04]} a5 {[%emt 0:00:44]} 15. Rb1 {[%emt 0:00:26]} Qa6 {[%emt 0:02:55]} 16. e4 {[%emt 0:00:37]} b5 {[%emt 0:03:20]} 17. e5 {[%emt 0:00:09]} Nd7 {[%emt 0:00:16]} 18. g4 {[%emt 0:02:05]} f6 {[%emt 0:14:59]} 19. Qg6 {[%emt 0:05:16]} Rf7 {[%emt 0:01:29]} 20. Qh5 {[%emt 0:04:42]} fxe5 {[%emt 0:06:38]} 21. Bxe5 {[%emt 0:00:31]} Rcf8 {[%emt 0:05:07]} 22. Bxg7 {[%emt 0:08:56]} Rxg7 {[%emt 0:04:16]} 23. Qxh6 {[%emt 0:00:21]} Nd8 {[%emt 0:01:16]} 24. Qe3 {[%emt 0:05:14]} Nf7 {[%emt 0:04:16]} 25. O-O {[%emt 0:04:14]} Ng5 {[%emt 0:04:35]} 26. Nxg5 {[%emt 0:04:33]} Bxg5 {[%emt 0:00:01]} 27. f4 {[%emt 0:00:22]} Rxf4 {[%emt 0:01:47]} 28. Rxf4 {[%emt 0:00:57]} Qd6 {[%emt 0:00:18]} 29. Rbf1 {[%emt 0:01:55]} Rf7 {[%emt 0:00:04]} 0-1

[Event "Bamberg-Open 2019"]
[Site "Bamberg"]
[Date "2019.05.30"]
[Round "3.13"]
[White "Mooser, Stefan"]
[Black "Wehner, Janis"]
[Result "1/2-1/2"]
[WhiteElo "2215"]
[BlackElo "2128"]
[Annotator "ChessBase"]
[PlyCount "83"]
[EventDate "2019.05.12"]
[EventType "swiss"]
[EventCountry "GER"]
[SourceTitle "playchess.com"]
[Source "ChessBase"]
[SourceQuality "1"]
[TimeControl "40/5400+30:900+30"]

1. d4 {[%emt 0:04:11]} Nf6 {[%emt 0:00:00]} 2. c4 {[%emt 0:00:07]} g6 {[%emt 0:00:00]} 3. Nf3 {[%emt 0:00:13]} Bg7 {[%emt 0:00:00]} 4. g3 {[%emt 0:00:03]} O-O {[%emt 0:00:02]} 5. Bg2 {[%emt 0:00:06]} d6 {[%emt 0:00:26]} 6. O-O {[%emt 0:00:07]} c5 {[%emt 0:00:29]} 7. Nc3 {[%emt 0:00:20]} cxd4 {[%emt 0:07:26]} 8. Nxd4 {[%emt 0:00:46]} Qc7 {[%emt 0:01:59]} 9. b3 {[%emt 0:04:07]} Nc6 {[%emt 0:00:30]} 10. Bb2 {[%emt 0:02:51]} Bd7 {[%emt 0:00:54]} 11. e3 {[%emt 0:13:11]} Nxd4 {[%emt 0:05:52]} 12. Qxd4 {[%emt 0:04:06]} Bc6 {[%emt 0:01:23]} 13. Rfd1 {[%emt 0:08:16]} Bxg2 {[%emt 0:08:36]} 14. Kxg2 {[%emt 0:00:24]} Rfc8 {[%emt 0:00:55]} 15. Nd5 {[%emt 0:05:39]} Qd8 {[%emt 0:00:42]} 16. Rac1 {[%emt 0:07:42]} Qf8 {[%emt 0:03:48]} 17. Rd2 {[%emt 0:12:58]} Nxd5 {[%emt 0:01:37]} 18. Qxd5 {[%emt 0:00:05]} Bxb2 {[%emt 0:01:14]} 19. Rxb2 {[%emt 0:00:05]} Rc7 {[%emt 0:04:28]} 20. e4 {[%emt 0:07:39]} Rac8 {[%emt 0:10:00]} 21. Re1 {[%emt 0:00:58]} b6 {[%emt 0:04:03]} 22. Rbe2 {[%emt 0:04:25]} Rc5 {[%emt 0:00:46]} 23. Qd3 {[%emt 0:01:18]} Qe8 {[%emt 0:05:07]} 24. a4 {[%emt 0:01:58]} Qc6 {[%emt 0:04:04]} 25. f3 {[%emt 0:04:20]} Qc7 {[%emt 0:04:23]} 26. Qd4 {[%emt 0:02:43]} a6 {[%emt 0:08:31]} 27. Ra1 {[%emt 0:00:10]} Rh5 {[%emt 0:02:43]} 28. h4 {[%emt 0:04:00]} Qc5 {[%emt 0:00:41]} 29. Qd2 {[%emt 0:00:09]} Qa5 {[%emt 0:08:55]} 30. Qxa5 {[%emt 0:02:59]} bxa5 {[%emt 0:00:24]} 31. Rd1 {[%emt 0:00:43]} Rb8 {[%emt 0:00:33]} 32. Re3 {[%emt 0:00:17]} Kf8 {[%emt 0:04:05]} 33. f4 {[%emt 0:02:09]} Rc5 {[%emt 0:00:41]} 34. Rdd3 {[%emt 0:00:16]} Rb6 {[%emt 0:00:57]} 35. Kf3 {[%emt 0:00:18]} e6 {[%emt 0:01:25]} 36. Re2 {[%emt 0:02:56]} Ke7 {[%emt 0:03:19]} 37. Re1 {[%emt 0:00:37]} h5 {[%emt 0:01:38]} 38. Ree3 {[%emt 0:00:55]} Rb7 {[%emt 0:02:29]} 39. Re2 {[%emt 0:01:04]} Rb6 {[%emt 0:00:14]} 40. Ree3 {[%emt 0:00:09]} Rb7 {[%emt 0:00:04]} 41. Re1 {[%emt 0:15:41]} Rb6 {[%emt 0:17:04]} 42. Ree3 {[%emt 0:02:42]} 1/2-1/2

[Event "Bamberg-Open 2019"]
[Site "Bamberg"]
[Date "2019.05.30"]
[Round "3.15"]
[White "Schmitz, Tim"]
[Black "Becker, Tobias"]
[Result "0-1"]
[WhiteElo "1835"]
[BlackElo "2019"]
[Annotator "NA"]
[PlyCount "54"]
[EventDate "2019.05.12"]
[EventType "swiss"]
[EventCountry "GER"]
[SourceTitle "playchess.com"]
[Source "ChessBase"]
[SourceQuality "1"]
[TimeControl "40/5400+30:900+30"]

1. e4 {[%emt 0:00:00]} d6 {[%emt 0:00:00]} 2. d4 {[%emt 0:00:00]} Nf6 {[%emt 0:00:00]} 3. Nc3 {[%emt 0:00:00]} Nbd7 {[%emt 0:00:00]} 4. Nf3 {[%emt 0:00:41]} e5 {[%emt 0:00:00]} 5. Bc4 {[%emt 0:00:40]} Be7 {[%emt 0:00:29]} 6. O-O {[%emt 0:00:50]} h6 {[%emt 0:00:32]} 7. Be3 {[%emt 0:06:21]} c6 {[%emt 0:00:17]} 8. a4 {[%emt 0:00:20]} a5 {[%emt 0:00:19]} 9. Bb3 {[%emt 0:06:14]} Qc7 {[%emt 0:01:42]} 10. Qe2 {[%emt 0:05:53]} Ng4 {[%emt 0:42:25]} 11. Rad1 {[%emt 0:11:24]} Nxe3 {[%emt 0:00:46]} 12. Qxe3 {[%emt 0:01:48]} O-O {[%emt 0:00:49]} 13. Ne2 {[%emt 0:03:54]} Re8 {[%emt 0:05:39]} 14. Ng3 {[%emt 0:03:22]} Bf8 {[%emt 0:00:40]} 15. dxe5 {[%emt 0:06:21]} dxe5 {[%emt 0:00:51]} 16. c3 {[%emt 0:06:13]} Nc5 {[%emt 0:04:07]} 17. Bc2 {[%emt 0:00:17]} g6 {[%emt 0:00:08]} 18. h4 {[%emt 0:04:08]} Kg7 {[%emt 0:07:56]} 19. h5 {[%emt 0:01:57]} Ne6 {[%emt 0:01:10]} 20. Nh2 {[%emt 0:04:15]} Bc5 {[%emt 0:03:18]} 21. Qf3 {[%emt 0:01:21]} Nf4 {[%emt 0:01:35]} 22. Ng4 {[%emt 0:03:08]} Be6 {[%emt 0:01:57]} 23. Ne3 {[%emt 0:02:08]} Rad8 {[%emt 0:01:29]} 24. Ngf5+ {[%emt 0:10:43]} Kh7 {[%emt 0:07:01]} 25. Ng4 {[%emt 0:05:11]} gxf5 {[%emt 0:02:11]} 26. exf5 {[%emt 0:00:30]} Bd5 {[%emt 0:00:07]} 27. f6+ {[%emt 0:03:51]} e4 {[%emt 0:00:35]} 0-1

[Event "Bamberg-Open 2019"]
[Site "Bamberg"]
[Date "2019.05.30"]
[Round "3.16"]
[White "Zenker, Ulrich"]
[Black "Dannhaeuser, Kevin"]
[Result "1-0"]
[WhiteElo "2147"]
[BlackElo "2095"]
[Annotator "ChessBase"]
[PlyCount "69"]
[EventDate "2019.05.12"]
[EventType "swiss"]
[EventCountry "GER"]
[SourceTitle "playchess.com"]
[Source "ChessBase"]
[SourceQuality "1"]
[TimeControl "40/5400+30:900+30"]

1. d4 {[%emt 0:00:00]} d6 {[%emt 0:00:00]} 2. Nf3 {[%emt 0:00:00]} Nd7 {[%emt 0:00:02]} 3. c4 {[%emt 0:02:37]} e5 {[%emt 0:00:47]} 4. Nc3 {[%emt 0:00:07]} c6 {[%emt 0:01:36]} 5. g3 {[%emt 0:05:50]} Be7 {[%emt 0:01:04]} 6. Bg2 {[%emt 0:00:13]} Ngf6 {[%emt 0:00:47]} 7. Qc2 {[%emt 0:01:57]} Qc7 {[%emt 0:02:16]} 8. O-O {[%emt 0:00:25]} O-O {[%emt 0:01:34]} 9. b3 {[%emt 0:01:26]} Re8 {[%emt 0:02:07]} 10. e3 {[%emt 0:00:27]} Bf8 {[%emt 0:05:11]} 11. dxe5 {[%emt 0:06:43]} dxe5 {[%emt 0:01:19]} 12. Bb2 {[%emt 0:00:39]} Nc5 13. b4 {[%emt 0:02:48]} Na6 {[%emt 0:07:10]} 14. a3 {[%emt 0:00:47]} Bg4 {[%emt 0:00:10]} 15. h3 {[%emt 0:05:26]} Bh5 {[%emt 0:02:23]} 16. Nh4 {[%emt 0:00:19]} Rad8 {[%emt 0:04:43]} 17. g4 {[%emt 0:07:04]} Bg6 {[%emt 0:00:14]} 18. Nxg6 {[%emt 0:00:07]} hxg6 {[%emt 0:00:05]} 19. Rad1 {[%emt 0:07:52]} Qc8 {[%emt 0:01:47]} 20. Ne4 {[%emt 0:00:51]} Nxe4 {[%emt 0:01:08]} 21. Bxe4 {[%emt 0:00:09]} Bd6 {[%emt 0:01:16]} 22. c5 {[%emt 0:01:13]} Bb8 {[%emt 0:03:11]} 23. Rxd8 {[%emt 0:13:03]} Rxd8 {[%emt 0:02:50]} 24. Rd1 {[%emt 0:00:06]} Rxd1+ {[%emt 0:03:41]} 25. Qxd1 {[%emt 0:00:10]} f5 {[%emt 0:00:23]} 26. Bc2 {[%emt 0:12:10]} e4 {[%emt 0:00:25]} 27. gxf5 {[%emt 0:00:56]} gxf5 {[%emt 0:04:06]} 28. Bb3+ {[%emt 0:01:32]} Kf8 {[%emt 0:00:09]} 29. Qh5 {[%emt 0:00:39]} Qe8 {[%emt 0:05:33]} 30. Qh8+ {[%emt 0:06:30]} Ke7 {[%emt 0:00:06]} 31. Qxg7+ {[%emt 0:00:06]} Kd8 {[%emt 0:00:11]} 32. Bf6+ {[%emt 0:00:15]} Kc8 {[%emt 0:00:14]} 33. Be6+ {[%emt 0:00:27]} Qxe6 {[%emt 0:00:23]} 34. Qf8+ {[%emt 0:00:07]} Kc7 {[%emt 0:00:04]} 35. Qd8# 1-0

[Event "Bamberg-Open 2019"]
[Site "Bamberg"]
[Date "2019.05.30"]
[Round "3.17"]
[White "Kues, Jarl-Hendrik"]
[Black "Johansson, Jukka"]
[Result "1-0"]
[WhiteElo "2137"]
[BlackElo "2071"]
[Annotator "ChessBase"]
[PlyCount "121"]
[EventDate "2019.05.12"]
[EventType "swiss"]
[EventCountry "GER"]
[SourceTitle "playchess.com"]
[Source "ChessBase"]
[SourceQuality "1"]
[TimeControl "40/5400+30:900+30"]

1. d4 {[%emt 0:00:00]} d5 {[%emt 0:00:00]} 2. Bf4 {[%emt 0:00:00]} Nf6 {[%emt 0:00:10]} 3. e3 {[%emt 0:00:00]} e6 {[%emt 0:00:18]} 4. c3 {[%emt 0:00:21]} Bd6 {[%emt 0:00:31]} 5. Bg3 {[%emt 0:00:07]} O-O {[%emt 0:00:30]} 6. Bd3 {[%emt 0:00:50]} b6 {[%emt 0:00:43]} 7. Nf3 {[%emt 0:00:15]} Bb7 {[%emt 0:01:07]} 8. Nbd2 {[%emt 0:00:29]} Ne4 {[%emt 0:03:24]} 9. Qc2 {[%emt 0:04:28]} f5 {[%emt 0:00:50]} 10. Ne5 {[%emt 0:00:26]} Nd7 {[%emt 0:02:02]} 11. Nxd7 {[%emt 0:04:23]} Qxd7 {[%emt 0:00:28]} 12. Nf3 {[%emt 0:00:03]} c5 {[%emt 0:03:19]} 13. Bxd6 {[%emt 0:01:28]} Qxd6 {[%emt 0:03:55]} 14. O-O {[%emt 0:00:52]} a5 {[%emt 0:04:13]} 15. Qe2 {[%emt 0:03:30]} Nf6 {[%emt 0:09:49]} 16. a4 {[%emt 0:01:11]} c4 {[%emt 0:05:56]} 17. Bc2 {[%emt 0:00:23]} Ba6 {[%emt 0:00:53]} 18. Ne5 {[%emt 0:02:03]} Rfb8 {[%emt 0:01:11]} 19. Ra2 {[%emt 0:02:54]} Ra7 {[%emt 0:01:49]} 20. Rfa1 {[%emt 0:00:58]} Rc8 {[%emt 0:02:22]} 21. f3 {[%emt 0:06:40]} Nd7 {[%emt 0:03:57]} 22. Nxd7 {[%emt 0:09:52]} Qxd7 {[%emt 0:02:01]} 23. e4 {[%emt 0:03:19]} Raa8 {[%emt 0:10:59]} 24. Re1 {[%emt 0:04:21]} Re8 {[%emt 0:02:25]} 25. Raa1 {[%emt 0:01:02]} Bb7 {[%emt 0:05:35]} 26. exf5 {[%emt 0:08:11]} exf5 {[%emt 0:01:00]} 27. Qd2 {[%emt 0:00:02]} g6 {[%emt 0:06:48]} 28. Re5 {[%emt 0:22:49]} Re6 {[%emt 0:09:45]} 29. Rae1 {[%emt 0:05:22]} Rae8 {[%emt 0:02:10]} 30. Kf2 {[%emt 0:04:32]} Bc6 {[%emt 0:00:44]} 31. Rxe6 {[%emt 0:08:52]} Rxe6 {[%emt 0:00:12]} 32. Rxe6 {[%emt 0:00:02]} Qxe6 {[%emt 0:00:11]} 33. Qf4 {[%emt 0:00:05]} Qe8 {[%emt 0:04:13]} 34. Qd6 {[%emt 0:00:58]} Kg7 {[%emt 0:02:14]} 35. Qc7+ {[%emt 0:01:12]} Kh6 {[%emt 0:00:34]} 36. Qf4+ {[%emt 0:01:54]} Kg7 {[%emt 0:00:09]} 37. Qc7+ {[%emt 0:00:01]} Kh6 {[%emt 0:00:29]} 38. Qxb6 {[%emt 0:01:39]} Bxa4 {[%emt 0:00:11]} 39. Bxa4 {[%emt 0:00:07]} Qxa4 {[%emt 0:00:06]} 40. Qb8 {[%emt 0:00:08]} Qc2+ {[%emt 0:03:13]} 41. Kg3 {[%emt 0:16:22]} g5 {[%emt 0:24:18]} 42. Qf8+ {[%emt 0:00:00]} Kg6 {[%emt 0:00:00]} 43. Qe8+ {[%emt 0:00:00]} Kg7 {[%emt 0:00:00]} 44. Qe5+ {[%emt 0:00:00]} Kg6 {[%emt 0:00:00]} 45. Qe6+ {[%emt 0:00:00]} Kg7 {[%emt 0:00:00]} 46. Qe7+ {[%emt 0:00:00]} Kg6 {[%emt 0:00:00]} 47. Qe6+ {[%emt 0:00:55]} Kg7 {[%emt 0:00:00]} 48. Qxd5 {[%emt 0:01:51]} h5 {[%emt 0:00:00]} 49. Qe5+ {[%emt 0:01:01]} Kg6 {[%emt 0:00:00]} 50. Qe6+ {[%emt 0:00:07]} Kg7 {[%emt 0:00:00]} 51. Qe7+ {[%emt 0:00:47]} Kg6 {[%emt 0:00:00]} 52. Qd6+ {[%emt 0:00:50]} Kg7 {[%emt 0:00:00]} 53. Qc7+ {[%emt 0:00:48]} Kg6 {[%emt 0:00:12]} 54. Qc6+ {[%emt 0:02:04]} Kg7 {[%emt 0:00:09]} 55. h4 {[%emt 0:00:56]} gxh4+ {[%emt 0:01:14]} 56. Kxh4 {[%emt 0:00:06]} Qxg2 {[%emt 0:00:29]} 57. Qd7+ {[%emt 0:00:46]} Kf6 {[%emt 0:00:30]} 58. Qd6+ {[%emt 0:00:21]} Kf7 {[%emt 0:00:13]} 59. Qc7+ {[%emt 0:00:31]} Kf6 {[%emt 0:00:11]} 60. Qe5+ {[%emt 0:00:16]} Kf7 {[%emt 0:01:38]} 61. Qxf5+ {[%emt 0:00:23]} 1-0

[Event "Bamberg-Open 2019"]
[Site "Bamberg"]
[Date "2019.05.30"]
[Round "3.18"]
[White "Ruffenach, Alain"]
[Black "Troyke, Christian"]
[Result "1/2-1/2"]
[WhiteElo "1936"]
[BlackElo "2328"]
[Annotator "ChessBase"]
[PlyCount "77"]
[EventDate "2019.05.12"]
[EventType "swiss"]
[EventCountry "GER"]
[SourceTitle "playchess.com"]
[Source "ChessBase"]
[SourceQuality "1"]
[TimeControl "40/5400+30:900+30"]

1. d4 {[%emt 0:00:00]} g6 {[%emt 0:00:00]} 2. c4 {[%emt 0:00:00]} Bg7 {[%emt 0:00:00]} 3. Nc3 {[%emt 0:00:00]} Nf6 {[%emt 0:00:00]} 4. e4 {[%emt 0:00:00]} O-O {[%emt 0:00:00]} 5. Nf3 {[%emt 0:00:18]} d6 {[%emt 0:00:06]} 6. Be2 {[%emt 0:00:23]} c5 {[%emt 0:00:48]} 7. d5 {[%emt 0:02:40]} e6 {[%emt 0:00:14]} 8. O-O {[%emt 0:00:40]} Re8 {[%emt 0:00:07]} 9. Bd3 {[%emt 0:05:55]} exd5 {[%emt 0:02:17]} 10. exd5 {[%emt 0:00:11]} Bg4 {[%emt 0:00:53]} 11. h3 {[%emt 0:01:48]} Bxf3 {[%emt 0:00:07]} 12. Qxf3 {[%emt 0:00:02]} Nbd7 {[%emt 0:04:45]} 13. Bg5 {[%emt 0:02:08]} Qb6 {[%emt 0:03:14]} 14. Rab1 {[%emt 0:01:18]} Ne5 {[%emt 0:00:55]} 15. Qd1 {[%emt 0:00:02]} Nfd7 {[%emt 0:04:18]} 16. Be2 {[%emt 0:01:00]} f5 {[%emt 0:00:36]} 17. Be3 {[%emt 0:12:50]} Qd8 {[%emt 0:02:59]} 18. Qd2 {[%emt 0:00:25]} Nf7 {[%emt 0:09:11]} 19. Rbe1 {[%emt 0:01:49]} a6 {[%emt 0:00:52]} 20. Bd1 {[%emt 0:08:50]} Qf6 {[%emt 0:09:28]} 21. Ba4 {[%emt 0:09:20]} Re7 {[%emt 0:08:57]} 22. Bxd7 {[%emt 0:01:39]} Rxd7 {[%emt 0:00:06]} 23. Bf4 Qh4 {[%emt 0:05:01]} 24. Na4 {[%emt 0:13:16]} Qd8 {[%emt 0:01:23]} 25. Nc3 {[%emt 0:02:34]} Ne5 {[%emt 0:05:02]} 26. b3 {[%emt 0:04:35]} Qa5 {[%emt 0:01:06]} 27. Na4 {[%emt 0:01:25]} Qc7 {[%emt 0:02:18]} 28. Nb2 {[%emt 0:07:30]} Re7 {[%emt 0:03:01]} 29. Bxe5 {[%emt 0:01:30]} Bxe5 {[%emt 0:01:02]} 30. Nd3 {[%emt 0:00:15]} Rae8 {[%emt 0:00:18]} 31. Nxe5 {[%emt 0:01:43]} Rxe5 {[%emt 0:00:06]} 32. Rxe5 {[%emt 0:00:14]} Rxe5 {[%emt 0:00:08]} 33. Re1 {[%emt 0:02:16]} Qe7 {[%emt 0:00:09]} 34. Kf1 {[%emt 0:00:08]} Kf7 {[%emt 0:01:23]} 35. g3 {[%emt 0:02:21]} Re4 {[%emt 0:01:26]} 36. Re2 {[%emt 0:01:30]} Qe5 {[%emt 0:01:28]} 37. Qe1 {[%emt 0:00:25]} Rxe2 {[%emt 0:05:06]} 38. Qxe2 {[%emt 0:00:05]} Kf6 {[%emt 0:00:09]} 39. f4 {[%emt 0:01:11]} 1/2-1/2